-
KASTURE. Dr. V N , MAHADIK, Dr.K.R ,WADODKAR,Dr.WADODKAR AND MORE Dr, H.N
Entry Personal Name
Number of records used in: 1
001 - CONTROL NUMBER
003 - CONTROL NUMBER IDENTIFIER
005 - DATE AND TIME OF LATEST TRANSACTION
- control field:
20240106131251.0
008 - FIXED-LENGTH DATA ELEMENTS
- fixed length control field:
240106|| aca||aabn | a|a d
040 ## - CATALOGING SOURCE
- Original cataloging agency:
JRU
- Transcribing agency:
JRU
100 ## - HEADING--PERSONAL NAME
- Personal name:
KASTURE. Dr. V N , MAHADIK, Dr.K.R ,WADODKAR,Dr.WADODKAR AND MORE Dr, H.N
670 ## - SOURCE DATA FOUND
- Source citation:
Work cat.: (JRU)5779: KASTURE. Dr. V N , MAHADIK, Dr.K.R ,WADODKAR,Dr.WADODKAR AND MORE Dr, H.N, PHARMACEUTICAL ANALYSIS (vol-I)